[Event "Quebec-ch U16"]
[Site "Montreal CAN"]
[Date "2001.03.11"]
[Round "4"]
[White "McAlpin, John-Francis"]
[Black "Tran, Dan"]
[Result "1-0"]
[WhiteElo "1667"]
[BlackElo "1745"]
[PlyCount "99"]
[GameId "2160767911610305"]
[EventDate "2001.03.09"]
[EventType "tourn"]
[EventRounds "5"]
[EventCountry "CAN"]

1. d4 Nf6 2. c4 g6 3. Nc3 Bg7 4. g3 O-O 5. Bg2 d6 6. Nf3 c6 7. O-O Nbd7 8. b3 e5 9. e4 Qe7 10. Bb2 Ne8 11. Re1 f5 12. exf5 gxf5 13. Qc2 Nc7 14. Rad1 e4 15. Nh4 d5 16. cxd5 cxd5 17. Nxd5 Nxd5 18. Nxf5 Qf6 19. Nxg7 Qxg7 20. Bxe4 N7f6 21. Bxd5+ Nxd5 22. Re5 Qf7 23. Qe2 Bh3 24. Rg5+ Kh8 25. Qe5+ Nf6 26. d5 Rae8 27. Qd4 Bd7 28. d6 h6 29. Qh4 Qh7 30. Rc5 Re4 31. Bxf6+ Kg8 32. Qh5 Rxf6 33. Qd5+ Rfe6 34. Rc7 b5 35. Rdc1 Qf7 36. Kg2 Re2 37. Qf3 Qe8 38. Rxa7 Rf6 39. Qxf6 Qe4+ 40. Qf3 Bh3+ 41. Kxh3 Qxf3 42. Rc8+ Qf8 43. Rxf8+ Kxf8 44. Rb7 Rxa2 45. Rb8+ Kf7 46. d7 Rd2 47. d8=Q Rxd8 48. Rxd8 Ke6 49. Rh8 Ke5 50. Rxh6 1-0

[Event "Quebec-ch U16"]
[Site "Montreal CAN"]
[Date "2001.03.11"]
[Round "4"]
[White "Morin, Benoit"]
[Black "Obartel, Jacques"]
[Result "1-0"]
[WhiteElo "1627"]
[BlackElo "1204"]
[PlyCount "127"]
[GameId "2160767911610306"]
[EventDate "2001.03.09"]
[EventType "tourn"]
[EventRounds "5"]
[EventCountry "CAN"]

1. c4 c5 2. Nc3 Nc6 3. g3 g6 4. Bg2 Bg7 5. e3 e6 6. Nge2 Nge7 7. O-O O-O 8. d4 cxd4 9. exd4 d5 10. cxd5 exd5 11. Bg5 f6 12. Be3 Bg4 13. h3 Be6 14. Nf4 Bf7 15. Qb3 Na5 16. Qb5 a6 17. Qd3 Nc4 18. b3 Nxe3 19. Qxe3 Qd6 20. Rfe1 Rfe8 21. Qf3 Rad8 22. Ncxd5 Nxd5 23. Rxe8+ Bxe8 24. Qxd5+ Bf7 25. Qxd6 Rxd6 26. Bxb7 f5 27. Ne2 Be8 28. Rc1 Bb5 29. Nf4 Bxd4 30. Bd5+ Kg7 31. Ne6+ Kf6 32. Nxd4 Rxd5 33. Nxb5 axb5 34. h4 Rd7 35. Rc6+ Kg7 36. Rc5 Rb7 37. Kf1 Kf6 38. b4 Ke6 39. Ke2 Ra7 40. Rxb5 Rxa2+ 41. Kf3 Rb2 42. Rb7 Kf6 43. b5 Rb3+ 44. Kg2 Ke5 45. b6 Kd6 46. h5 gxh5 47. Rxh7 Rxb6 48. Rh6+ Kc5 49. Rxb6 Kxb6 50. Kf3 Kc6 51. Kf4 Kd6 52. Kxf5 Ke7 53. Kg5 Kf7 54. Kxh5 Kg7 55. f4 Kh7 56. g4 Kg7 57. f5 Kf7 58. g5 Kg7 59. f6+ Kh8 60. Kh6 Kg8 61. g6 Kh8 62. g7+ Kg8 63. f7+ Kxf7 64. Kh7 1-0

[Event "Quebec-ch U16"]
[Site "Montreal CAN"]
[Date "2001.03.11"]
[Round "4"]
[White "Ouellet-Leveille, Bertrand"]
[Black "Charbonneau, Anne-Marie"]
[Result "1/2-1/2"]
[WhiteElo "1689"]
[BlackElo "1850"]
[PlyCount "48"]
[GameId "2160767911610307"]
[EventDate "2001.03.09"]
[EventType "tourn"]
[EventRounds "5"]
[EventCountry "CAN"]

1. e4 c5 2. d4 cxd4 3. c3 dxc3 4. Nxc3 e6 5. Nf3 Bc5 6. Bc4 Ne7 7. O-O O-O 8. Bf4 Ng6 9. Bg3 a6 10. Qe2 Nc6 11. Rfd1 Be7 12. e5 Qa5 13. a3 b5 14. b4 Qc7 15. Bb3 Ra7 16. Rac1 Bb7 17. Ne4 Ba8 18. Rc2 Qb8 19. Nd6 Rc7 20. Rcd2 Nd8 21. Ne4 Bc6 22. Nd4 Ba8 23. Nf3 Bc6 24. Nd4 Ba8 1/2-1/2

[Event "Quebec-ch U16"]
[Site "Montreal CAN"]
[Date "2001.03.11"]
[Round "5"]
[White "Charbonneau, Anne-Marie"]
[Black "McAlpin, John-Francis"]
[Result "1-0"]
[WhiteElo "1850"]
[BlackElo "1667"]
[PlyCount "138"]
[GameId "2160767911610308"]
[EventDate "2001.03.09"]
[EventType "tourn"]
[EventRounds "5"]
[EventCountry "CAN"]

1. d4 Nf6 2. c4 c5 3. d5 e6 4. Nc3 exd5 5. cxd5 d6 6. e4 g6 7. Nf3 Bg7 8. Bd3 O-O 9. O-O Bg4 10. h3 Bxf3 11. Qxf3 Nbd7 12. Qe2 Re8 13. Bf4 Ne5 14. Bc2 a6 15. a4 b6 16. Rfe1 Qc7 17. Qf1 Qb7 18. Bh2 g5 19. f4 gxf4 20. Bxf4 h6 21. Bxh6 Ng6 22. Bxg7 Kxg7 23. Re3 Re5 24. Rae1 Qe7 25. R1e2 b5 26. axb5 axb5 27. Nxb5 Nxd5 28. Rf3 Nb4 29. Ref2 Rf8 30. Bb3 d5 31. Rf6 c4 32. Nd6 Qa7 33. Kh1 Re7 34. Bc2 Nxc2 35. Rxc2 dxe4 36. Rff2 Kg8 37. Rxc4 e3 38. Re2 Qa6 39. Rd4 Rd8 40. Nf5 Rxd4 41. Nxd4 Rd7 42. Nf5 Rd2 43. Ng3 Qd6 44. Ne4 Rd1 45. Nxd6 Rxf1+ 46. Kh2 Rf2 47. Rxe3 Rxb2 48. Kg3 Rd2 49. Nf5 Rc2 50. h4 Rc5 51. Ne7+ Nxe7 52. Rxe7 Rc4 53. Kh3 Kg7 54. Re3 Kg6 55. g4 Kh6 56. Rf3 Kg7 57. h5 f6 58. Kg3 Ra4 59. Kg2 Ra2+ 60. Kg3 Ra4 61. Rd3 Rc4 62. Kf3 Ra4 63. Kg3 Ra1 64. Rd7+ Kh6 65. Rd6 Kg7 66. Rd7+ Kh6 67. Rf7 Rf1 68. Kg2 Rf4 69. Kg3 Rf1 1-0

[Event "Quebec-ch U16"]
[Site "Montreal CAN"]
[Date "2001.03.11"]
[Round "5"]
[White "Obartel, Jacques"]
[Black "Ouellet-Leveille, Bertrand"]
[Result "0-1"]
[WhiteElo "1204"]
[BlackElo "1689"]
[PlyCount "50"]
[GameId "2160767911610309"]
[EventDate "2001.03.09"]
[EventType "tourn"]
[EventRounds "5"]
[EventCountry "CAN"]

1. e4 e5 2. Nf3 Nf6 3. Nxe5 d6 4. Nf3 Nxe4 5. d4 d5 6. Bd3 Bd6 7. O-O O-O 8. c4 c6 9. cxd5 cxd5 10. Nc3 Nxc3 11. bxc3 Bg4 12. h3 Bh5 13. Bxh7+ Kxh7 14. Ng5+ Qxg5 15. Bxg5 Bxd1 16. Rfxd1 Nd7 17. Rab1 Nb6 18. Kf1 Rac8 19. Bd2 Rc7 20. Rb3 Rfc8 21. Ke2 Nc4 22. Be1 b6 23. Kd3 Be7 24. Rb5 Rd7 25. Rdb1 Na3 0-1

[Event "Quebec-ch U16"]
[Site "Montreal CAN"]
[Date "2001.03.11"]
[Round "5"]
[White "Tran, Dan"]
[Black "Morin, Benoit"]
[Result "0-1"]
[WhiteElo "1745"]
[BlackElo "1627"]
[PlyCount "52"]
[GameId "2160767911610310"]
[EventDate "2001.03.09"]
[EventType "tourn"]
[EventRounds "5"]
[EventCountry "CAN"]

1. d4 d5 2. c4 e6 3. Nc3 Nf6 4. Nf3 h6 5. a3 Be7 6. Bf4 O-O 7. h3 Nbd7 8. e3 dxc4 9. Bxc4 Nb6 10. Ba2 Nbd5 11. Bh2 Nxc3 12. bxc3 Bxa3 13. Qc2 Bd6 14. O-O b6 15. e4 Bxh2+ 16. Kxh2 Bb7 17. Rfe1 Qe7 18. Rad1 Rfd8 19. c4 c6 20. Qc3 Qc7+ 21. e5 c5 22. Kg1 cxd4 23. Nxd4 Nd5 24. Qg3 Nb4 25. Bb3 a6 26. f4 Qc5 0-1

[Event "Quebec-ch U18"]
[Site "Montreal CAN"]
[Date "2001.03.09"]
[Round "1"]
[White "Bachand-Fleurent, Julien"]
[Black "Masse, Hugues"]
[Result "0-1"]
[WhiteElo "1983"]
[BlackElo "2154"]
[PlyCount "54"]
[GameId "2160767911610311"]
[EventDate "2001.03.09"]
[EventType "tourn"]
[EventRounds "5"]
[EventCountry "CAN"]

1. e4 c5 2. Nc3 e6 3. g3 d5 4. d3 d4 5. Nce2 f5 6. Nf4 Nf6 7. Bg2 fxe4 8. dxe4 Nc6 9. Qe2 e5 10. Nd5 Be7 11. f4 Be6 12. Nxe7 Qxe7 13. f5 Bf7 14. g4 c4 15. g5 Qb4+ 16. Kf2 Nd7 17. Qg4 O-O-O 18. Nf3 Qb6 19. Kg3 Nb4 20. Ne1 h5 21. Qf3 h4+ 22. Kf2 Bh5 23. Qh3 Bd1 24. c3 dxc3+ 25. Be3 Nc5 26. bxc3 Nba6 27. Bf3 Qb2+ 0-1

[Event "Quebec-ch U18"]
[Site "Montreal CAN"]
[Date "2001.03.09"]
[Round "1"]
[White "Tessier, Olivier"]
[Black "Gottlieb, Jonathan"]
[Result "0-1"]
[WhiteElo "2099"]
[BlackElo "2116"]
[PlyCount "80"]
[GameId "2160767911610313"]
[EventDate "2001.03.09"]
[EventType "tourn"]
[EventRounds "5"]
[EventCountry "CAN"]

1. Nf3 d5 2. c4 e6 3. b3 Nf6 4. Bb2 c5 5. cxd5 exd5 6. d4 Nc6 7. e3 Bf5 8. Nc3 Rc8 9. Bd3 Bxd3 10. Qxd3 Nb4 11. Qd1 c4 12. bxc4 dxc4 13. Ne5 Nd7 14. Qa4 a6 15. Qxd7+ Qxd7 16. Nxd7 Nd3+ 17. Ke2 Kxd7 18. Rab1 b5 19. Ba1 Kc6 20. Nd1 f6 21. Nb2 Nxb2 22. Bxb2 b4 23. Rhc1 Kb5 24. a3 a5 25. Bc3 Ka4 26. axb4 axb4 27. Be1 Bd6 28. Rc2 b3 29. Ra1+ Kb5 30. Ra5+ Kb6 31. Rc1 c3 32. Rd5 Bb4 33. Kd3 Rc6 34. Bxc3 Rhc8 35. Rc5 Bxc5 36. dxc5+ Kb5 37. Rb1 Rd8+ 38. Bd4 Kb4 39. Ke4 Rdc8 40. Ra1 Rxc5 0-1

[Event "Quebec-ch U18"]
[Site "Montreal CAN"]
[Date "2001.03.10"]
[Round "2"]
[White "Bachand-Fleurent, Julien"]
[Black "Tessier, Olivier"]
[Result "1/2-1/2"]
[WhiteElo "1983"]
[BlackElo "2099"]
[PlyCount "32"]
[GameId "2160767911610315"]
[EventDate "2001.03.09"]
[EventType "tourn"]
[EventRounds "5"]
[EventCountry "CAN"]

1. e4 Nf6 2. e5 Nd5 3. c4 Nb6 4. d4 d6 5. f4 dxe5 6. fxe5 c5 7. d5 e6 8. Nc3 exd5 9. cxd5 c4 10. Nf3 Bb4 11. Bxc4 Bxc3+ 12. bxc3 Nxc4 13. Qa4+ Nd7 14. Qxc4 Nb6 15. Qb5+ Qd7 16. Qxd7+ Bxd7 1/2-1/2

[Event "Quebec-ch U18"]
[Site "Montreal CAN"]
[Date "2001.03.10"]
[Round "2"]
[White "Masse, Hugues"]
[Black "Tomb, Maroun"]
[Result "1-0"]
[WhiteElo "2154"]
[BlackElo "2172"]
[PlyCount "260"]
[GameId "2160767911610317"]
[EventDate "2001.03.09"]
[EventType "tourn"]
[EventRounds "5"]
[EventCountry "CAN"]

1. e4 c5 2. f4 g6 3. Nf3 Bg7 4. Nc3 Nc6 5. Be2 b6 6. O-O d6 7. d3 e6 8. Qe1 Nge7 9. Qh4 Bb7 10. Bd1 Qd7 11. Ne2 Nd4 12. Nfxd4 cxd4 13. Qf2 Nc6 14. f5 gxf5 15. exf5 Be5 16. Bg5 Rg8 17. fxe6 fxe6 18. Ng3 Qg7 19. Bh5+ Kd7 20. Qf7+ Qxf7 21. Rxf7+ Kc8 22. Bh4 Bxg3 23. Bxg3 Ne5 24. Rxh7 a5 25. Rxb7 Kxb7 26. Bxe5 dxe5 27. Bf3+ Kc7 28. Bxa8 Rxa8 29. Kf2 Kd6 30. Re1 a4 31. h4 a3 32. b3 Rc8 33. Re2 Rh8 34. g3 Rg8 35. b4 Kd5 36. Kf3 Rf8+ 37. Kg2 Rc8 38. h5 e4 39. dxe4+ Kc4 40. g4 Kc3 41. Kf3 Kb2 42. h6 Kxa2 43. c3+ Kb3 44. cxd4 a2 45. Rxa2 Kxa2 46. g5 Rh8 47. d5 exd5 48. exd5 Kb3 49. d6 Kxb4 50. d7 Kc5 51. h7 Kc6 52. g6 Kxd7 53. g7 Rxh7 54. g8=Q Re7 55. Qb8 Kc6 56. Kf4 Rd7 57. Ke5 Rd5+ 58. Ke4 Rc5 59. Qc8+ Kb5 60. Qb7 Ka5 61. Kd4 Kb5 62. Qa8 Rc4+ 63. Kd3 Rc5 64. Qb7 Ka5 65. Qa7+ Kb5 66. Qa8 Rc7 67. Qa3 Rc5 68. Qa8 Rc7 69. Ke4 Rc5 70. Kd4 Rc4+ 71. Kd5 Rc5+ 72. Kd6 Rc4 73. Qe8+ Kb4 74. Qe1+ Ka4 75. Qa1+ Kb5 76. Qf1 Kb4 77. Kd5 b5 78. Qa1 Rc5+ 79. Kd4 Rc4+ 80. Kd3 Kc5 81. Qa5 Kc6 82. Qa7 Ra4 83. Qb8 Rc4 84. Kd2 Kc5 85. Qb7 Kb4 86. Qa7 Rc6 87. Qe7+ Ka5 88. Qa7+ Kb4 89. Qa8 Rc4 90. Qa6 Kc5 91. Ke3 Kb4 92. Qa7 Rc3+ 93. Kd4 Rc4+ 94. Kd5 Kb3 95. Qa5 b4 96. Qa1 Rc3 97. Kd4 Rc4+ 98. Kd3 Rc3+ 99. Kd2 Rc2+ 100. Kd1 Rc3 101. Qa6 Rc5 102. Qe6+ Ka4 103. Qe8+ Kb3 104. Qe3+ Rc3 105. Qa7 Kc4 106. Qa2+ Kb5 107. Qb2 Kc4 108. Qe2+ Kb3 109. Qe6+ Ka4 110. Qd7+ Kb3 111. Qb5 Ka3 112. Kd2 Kb3 113. Qd5+ Ka4 114. Qa8+ Kb5 115. Qb7+ Ka5 116. Qd7 Kb6 117. Qa4 Kc5 118. Qa6 Kd4 119. Qb5 Rc4 120. Kd1 Kd3 121. Qd5+ Kc3 122. Kc1 Rd4 123. Qc5+ Kd3 124. Kb2 Ke4 125. Kb3 Ke3 126. Qe7+ Re4 127. Qg5+ Rf4 128. Qg3+ Rf3 129. Qe1+ Kd4+ 130. Kxb4 Rd3 1-0

[Event "Quebec-ch U18"]
[Site "Montreal CAN"]
[Date "2001.03.10"]
[Round "3"]
[White "Tessier, Olivier"]
[Black "Masse, Hugues"]
[Result "1/2-1/2"]
[WhiteElo "2099"]
[BlackElo "2154"]
[PlyCount "120"]
[GameId "2160767911610319"]
[EventDate "2001.03.09"]
[EventType "tourn"]
[EventRounds "5"]
[EventCountry "CAN"]

1. Nf3 Nf6 2. g3 g6 3. b4 Bg7 4. Bb2 O-O 5. Bg2 d6 6. O-O c6 7. c4 Bd7 8. a4 Na6 9. Qb3 e5 10. d3 Qe7 11. Nc3 Ng4 12. Ne1 f5 13. Nc2 f4 14. Ne4 fxg3 15. hxg3 Nc7 16. b5 Ne6 17. Ba3 c5 18. Nc3 Rab8 19. Nd5 Qd8 20. Bc1 h6 21. f3 Nf6 22. Nxf6+ Qxf6 23. Kf2 g5 24. Ke1 Qg6 25. Bb2 Nd4 26. Nxd4 exd4 27. Kd2 Be5 28. f4 gxf4 29. Be4 Qg7 30. gxf4 Bxf4+ 31. Kc2 Be3 32. Bf3 Bg4 33. Rg1 Bxg1 34. Rxg1 h5 35. Kb1 Kh8 36. Bxg4 hxg4 37. e3 Rf3 38. exd4 cxd4 39. c5 dxc5 40. Qd5 Rbf8 41. Qxc5 Rf1+ 42. Rxf1 Rxf1+ 43. Ka2 Qf7+ 44. Ka3 Qf8 45. Qxf8+ Rxf8 46. Bxd4+ Kg8 47. Bxa7 Kf7 48. Kb4 Ke6 49. a5 Kd5 50. Bb6 Ra8 51. Bc7 Kd4 52. a6 bxa6 53. b6 a5+ 54. Ka4 Kxd3 55. b7 Re8 56. b8=Q Rxb8 57. Bxb8 Ke4 58. Kxa5 Kf3 59. Kb4 g3 60. Bxg3 Kxg3 1/2-1/2

[Event "Quebec-ch U18"]
[Site "Montreal CAN"]
[Date "2001.03.10"]
[Round "3"]
[White "Tomb, Maroun"]
[Black "Gottlieb, Jonathan"]
[Result "0-1"]
[WhiteElo "2172"]
[BlackElo "2116"]
[PlyCount "70"]
[GameId "2160767911610320"]
[EventDate "2001.03.09"]
[EventType "tourn"]
[EventRounds "5"]
[EventCountry "CAN"]

1. c4 e6 2. Nf3 d5 3. b3 c5 4. e3 Nc6 5. Bb2 Nf6 6. Be2 d4 7. d3 Be7 8. O-O O-O 9. Re1 e5 10. Nbd2 h6 11. a3 Bf5 12. Nf1 a5 13. Ng3 Be6 14. exd4 exd4 15. Nd2 Qd7 16. Bf3 Rae8 17. Nde4 Nxe4 18. Rxe4 Bd6 19. Qe1 Bxg3 20. hxg3 Bf5 21. Rxe8 Rxe8 22. Qd2 Ne5 23. Be2 b6 24. Rd1 Qe6 25. Bc1 Nxc4 26. bxc4 Qxe2 27. Qxe2 Rxe2 28. Kf1 Rc2 29. Bf4 Rc3 30. Bc7 Bxd3+ 31. Ke1 Rb3 32. Bxb6 Bc2 33. Rc1 Rxb6 34. Rxc2 Rb3 35. Re2 Rb1+ 0-1

[Event "Quebec-ch U18"]
[Site "Montreal CAN"]
[Date "2001.03.11"]
[Round "4"]
[White "Bachand-Fleurent, Julien"]
[Black "Tomb, Maroun"]
[Result "1/2-1/2"]
[WhiteElo "1983"]
[BlackElo "2172"]
[PlyCount "148"]
[GameId "2160767911610321"]
[EventDate "2001.03.09"]
[EventType "tourn"]
[EventRounds "5"]
[EventCountry "CAN"]

1. e4 c5 2. Nc3 Nc6 3. g3 g6 4. Bg2 Bg7 5. d3 e6 6. Be3 Nd4 7. Qd2 d6 8. Nd1 Ne7 9. c3 Ndc6 10. Bh6 Bxh6 11. Qxh6 Ng8 12. Qe3 Qd7 13. f4 Nge7 14. Nf3 b6 15. Nf2 Bb7 16. Ng4 O-O-O 17. Nf6 Qc7 18. Ng5 Ng8 19. Nxg8 Rdxg8 20. O-O-O h6 21. Nf3 Kb8 22. Kb1 f6 23. Rhe1 e5 24. d4 g5 25. fxe5 fxe5 26. d5 Ne7 27. Nxe5 dxe5 28. d6 Qd7 29. dxe7 Qxe7 30. Rd2 Rd8 31. Red1 Kc7 32. Bh3 Rxd2 33. Rxd2 Rd8 34. Bf5 Bc6 35. Kc2 Rb8 36. Qe2 Qf7 37. Qd3 Qe7 38. Qe2 Be8 39. Qa6 Rb7 40. a3 Bc6 41. Qe2 Qf7 42. Qd3 Qf6 43. Bd7 Rb8 44. Bxc6 Qxc6 45. Qd5 Qxd5 46. Rxd5 Rf8 47. Rxe5 Rf2+ 48. Kb3 Rxh2 49. Re7+ Kd6 50. Rxa7 h5 51. Rb7 Kc6 52. Rg7 g4 53. Rg6+ Kc7 54. e5 b5 55. Rh6 Kd7 56. a4 c4+ 57. Ka3 bxa4 58. Kxa4 Ke7 59. Kb4 Kf7 60. e6+ Kg7 61. e7 Kf7 62. Rh7+ Ke8 63. Kxc4 Rxb2 64. Kd5 Rd2+ 65. Ke6 Re2+ 66. Kd6 Rd2+ 67. Ke6 Re2+ 68. Kf6 Rf2+ 69. Kg5 Rf3 70. Kxh5 Rxg3 71. Kg5 Rxc3 72. Kxg4 Re3 73. Kf5 Rxe7 74. Rxe7+ Kxe7 1/2-1/2

[Event "Quebec-ch U18"]
[Site "Montreal CAN"]
[Date "2001.03.11"]
[Round "4"]
[White "Masse, Hugues"]
[Black "Gottlieb, Jonathan"]
[Result "1/2-1/2"]
[WhiteElo "2154"]
[BlackElo "2116"]
[PlyCount "76"]
[GameId "2160767911610322"]
[EventDate "2001.03.09"]
[EventType "tourn"]
[EventRounds "5"]
[EventCountry "CAN"]

1. e4 c5 2. f4 Nc6 3. Nf3 g6 4. Bb5 Nd4 5. Nxd4 cxd4 6. c4 Bg7 7. O-O Nf6 8. d3 O-O 9. Nd2 d6 10. Nf3 Bd7 11. Bxd7 Nxd7 12. f5 e5 13. g4 Rb8 14. g5 f6 15. fxg6 hxg6 16. gxf6 Bxf6 17. Qd2 Rf7 18. Kh1 Rh7 19. Rg1 Kf7 20. Qg2 Qg8 21. Ng5+ Bxg5 22. Bxg5 Rf8 23. Bd2 Qg7 24. Raf1+ Nf6 25. Bg5 Ke6 26. Bxf6 Rxf6 27. Rxf6+ Kxf6 28. Qg5+ Kf7 29. Qd8 Qf6 30. Qd7+ Kg8 31. Qg4 Kg7 32. Qg2 Rh4 33. Rf1 Rf4 34. Rxf4 Qxf4 35. Qe2 Kh6 36. Kg2 Kg5 37. Qe1 Kh5 38. h3 Qg5+ 1/2-1/2

[Event "Quebec-ch U18"]
[Site "Montreal CAN"]
[Date "2001.03.11"]
[Round "5"]
[White "Gottlieb, Jonathan"]
[Black "Bachand-Fleurent, Julien"]
[Result "1-0"]
[WhiteElo "2116"]
[BlackElo "1983"]
[PlyCount "61"]
[GameId "2160767911610325"]
[EventDate "2001.03.09"]
[EventType "tourn"]
[EventRounds "5"]
[EventCountry "CAN"]

1. e4 e6 2. d4 d5 3. e5 c5 4. c3 Nc6 5. Nf3 Bd7 6. a3 f6 7. Bd3 fxe5 8. Nxe5 Nxe5 9. dxe5 g6 10. O-O Qc7 11. Qe2 Ne7 12. Bg5 Bg7 13. f4 Nf5 14. g4 Nh6 15. Bxh6 Bxh6 16. c4 Qb6 17. Nc3 O-O-O 18. Rf2 Bc6 19. Rc1 Kb8 20. Qc2 Rhf8 21. Ne2 d4 22. Qd2 Qb3 23. Rcf1 Rd7 24. Nc1 Qb6 25. b4 Ba4 26. Ne2 Rc7 27. Ng3 Rcf7 28. Ne4 cxb4 29. axb4 Bc6 30. Nd6 Rd7 31. b5 1-0

[Event "Quebec-ch U20"]
[Site "Montreal CAN"]
[Date "2001.05.04"]
[Round "1"]
[White "Feoktistov, Dmitri"]
[Black "Masse, Hugues"]
[Result "1/2-1/2"]
[WhiteElo "2014"]
[BlackElo "2210"]
[PlyCount "41"]
[GameId "2160767911564825"]
[EventDate "2001.05.04"]
[EventType "tourn"]
[EventRounds "5"]
[EventCountry "CAN"]

1. d4 f5 2. c4 Nf6 3. Nc3 g6 4. g3 Bg7 5. Bg2 O-O 6. Nf3 d6 7. O-O Qe8 8. d5 Na6 9. Be3 h6 10. Re1 Bd7 11. Rc1 g5 12. a3 Ng4 13. Bd4 Bxd4 14. Qxd4 Nc5 15. h3 Nf6 16. Nd2 e5 17. dxe6 Nxe6 18. Qd3 Nc5 19. Qd4 Ne6 20. Qd3 Nc5 21. Qd4 1/2-1/2

[Event "Quebec-ch U20"]
[Site "Montreal CAN"]
[Date "2001.05.05"]
[Round "3"]
[White "Audet-Bouchard, Nicolas"]
[Black "Masse, Hugues"]
[Result "1-0"]
[WhiteElo "2060"]
[BlackElo "2210"]
[PlyCount "63"]
[GameId "2160767911564830"]
[EventDate "2001.05.04"]
[EventType "tourn"]
[EventRounds "5"]
[EventCountry "CAN"]

1. e4 c5 2. Nf3 d6 3. d4 cxd4 4. Nxd4 Nf6 5. Nc3 g6 6. Be3 Bg7 7. f3 Nc6 8. Qd2 O-O 9. Bc4 Bd7 10. O-O-O Rc8 11. Bb3 Ne5 12. h4 Nc4 13. Bxc4 Rxc4 14. h5 Nxh5 15. g4 Nf6 16. Kb1 Qc7 17. g5 Nh5 18. Nd5 Qd8 19. b3 Rc8 20. Ne2 e6 21. Ndf4 Nxf4 22. Nxf4 Qc7 23. Qh2 Rfd8 24. Bd4 h5 25. Bf6 Bb5 26. Rd2 Bxf6 27. gxf6 Qc3 28. Nxh5 gxh5 29. Qf4 Kf8 30. Rxh5 Qxb3+ 31. axb3 Rxc2 32. Rh8# 1-0

[Event "Quebec-ch U20"]
[Site "Montreal CAN"]
[Date "2001.05.06"]
[Round "5"]
[White "Audet-Bouchard, Nicolas"]
[Black "Feoktistov, Dmitri"]
[Result "1-0"]
[WhiteElo "2060"]
[BlackElo "2014"]
[PlyCount "65"]
[GameId "2160767911564836"]
[EventDate "2001.05.04"]
[EventType "tourn"]
[EventRounds "5"]
[EventCountry "CAN"]

1. e4 c6 2. d4 d5 3. e5 Bf5 4. Nf3 e6 5. Be2 Qb6 6. O-O Bg4 7. c4 Ne7 8. b3 Ng6 9. Nc3 Be7 10. Re1 O-O 11. Be3 Rd8 12. Qc2 Qc7 13. Rad1 Nd7 14. h3 Bxf3 15. Bxf3 dxc4 16. bxc4 c5 17. Nb5 Qc8 18. Nd6 Bxd6 19. exd6 cxd4 20. Bxd4 Nc5 21. Bb2 Nh4 22. Be4 f5 23. Qc3 Rd7 24. Bc2 Qc6 25. Qg3 Ng6 26. h4 Nf8 27. h5 h6 28. Bxf5 exf5 29. Re7 Nce6 30. Bxg7 Rxe7 31. dxe7 Nh7 32. Bxh6+ Kh8 33. Rd8+ 1-0

[Event "Quebec-ch classe"]
[Site "Shawinigan CAN"]
[Date "2001.11.16"]
[Round "1"]
[White "Auger, Bertrand"]
[Black "Ross, Dave"]
[Result "1/2-1/2"]
[WhiteElo "2050"]
[BlackElo "2369"]
[PlyCount "39"]
[GameId "2160767911484912"]
[EventDate "2001.11.16"]
[EventType "swiss"]
[EventRounds "5"]
[EventCountry "CAN"]

1. Nf3 b6 2. g3 Bb7 3. Bg2 g6 4. c4 c5 5. Nc3 Bg7 6. O-O Nf6 7. Qc2 O-O 8. b3 e6 9. Bb2 d5 10. cxd5 exd5 11. d4 Na6 12. Rac1 Re8 13. Rfd1 Qe7 14. e3 Nb4 15. Qb1 Ng4 16. Re1 Ba6 17. Rcd1 Bh6 18. Ne5 Nxe5 19. dxe5 Rad8 20. a3 1/2-1/2

[Event "Quebec-ch classe"]
[Site "Shawinigan CAN"]
[Date "2001.11.16"]
[Round "1"]
[White "Bolduc, Steve"]
[Black "Sasseville, Jean"]
[Result "1/2-1/2"]
[WhiteElo "2203"]
[BlackElo "1986"]
[PlyCount "105"]
[GameId "2160767911484913"]
[EventDate "2001.11.16"]
[EventType "swiss"]
[EventRounds "5"]
[EventCountry "CAN"]
[SourceTitle "hb 2011"]

1. Nf3 Nf6 2. c4 c5 3. g3 b6 4. Bg2 Bb7 5. O-O e6 6. Nc3 Be7 7. a3 O-O 8. Rb1 Nc6 9. d4 cxd4 10. Nxd4 a6 11. Bf4 Rc8 12. Qa4 Nh5 13. Nxc6 Bxc6 14. Bxc6 Rxc6 15. Qxa6 Nxf4 16. gxf4 Qc7 17. e3 Rxc4 18. Rbc1 Rc6 19. Ne2 Bf6 20. Rxc6 Qxc6 21. Rc1 Qf3 22. b4 h5 23. Kf1 h4 24. Ng1 Qd5 25. h3 Ra8 26. Rc8+ Rxc8 27. Qxc8+ Kh7 28. Qc2+ g6 29. f3 b5 30. Kf2 Qc6 31. Qd3 d5 32. Ne2 Qc4 33. Qxc4 dxc4 34. Nd4 Bxd4 35. exd4 Kg7 36. Ke3 Kf8 37. Kd2 Ke7 38. Kc3 Kd6 39. a4 bxa4 40. Kxc4 Kc6 41. b5+ Kb6 42. Kb4 a3 43. Kxa3 Kxb5 44. Kb3 Kc6 45. Kc4 Kd6 46. Kc3 Kd7 47. Kc4 Kd6 48. Kc3 Kd5 49. Kd3 f6 50. Kc3 e5 51. dxe5 fxe5 52. Kd3 exf4 53. Kc3 1/2-1/2

[Event "Quebec-ch classe"]
[Site "Shawinigan CAN"]
[Date "2001.11.17"]
[Round "2"]
[White "Nunez, Omar"]
[Black "Bolduc, Steve"]
[Result "0-1"]
[WhiteElo "1951"]
[BlackElo "2203"]
[PlyCount "58"]
[GameId "2160767911484914"]
[EventDate "2001.11.16"]
[EventType "swiss"]
[EventRounds "5"]
[EventCountry "CAN"]
[SourceTitle "hb 2011"]

1. g3 d5 2. Bg2 Nf6 3. f4 b6 4. Nf3 Bb7 5. O-O e6 6. d4 Bd6 7. Ne5 Nbd7 8. c3 O-O 9. Nd2 c5 10. e3 Qc7 11. Nxd7 Qxd7 12. Qf3 b5 13. g4 Ne4 14. Qh3 f5 15. g5 b4 16. Bxe4 dxe4 17. dxc5 Bxc5 18. Nb3 Bb6 19. cxb4 Ba6 20. Re1 Bc4 21. Nc5 Qb5 22. a3 a5 23. Bd2 Bxc5 24. bxc5 Qxb2 25. Rec1 Qxd2 26. Rxc4 Rab8 27. Rd4 Qc2 28. Qg2 Qc3 29. Re1 Qxe1+ 0-1

[Event "Quebec-ch classe"]
[Site "Shawinigan CAN"]
[Date "2001.11.17"]
[Round "2"]
[White "Soudre, Nicolas"]
[Black "Auger, Bertrand"]
[Result "1-0"]
[WhiteElo "2213"]
[BlackElo "2050"]
[PlyCount "59"]
[GameId "2160767911484915"]
[EventDate "2001.11.16"]
[EventType "swiss"]
[EventRounds "5"]
[EventCountry "CAN"]

1. e4 e6 2. d4 d5 3. Nc3 dxe4 4. Nxe4 Bd7 5. Nf3 Bc6 6. Ng3 Nd7 7. Bd3 Ngf6 8. Qe2 Bxf3 9. Qxf3 c6 10. O-O Be7 11. Be3 O-O 12. Rad1 Qa5 13. a3 Rfe8 14. Rfe1 Rad8 15. c4 Bf8 16. Bd2 Qc7 17. Bc3 Bd6 18. b4 a6 19. a4 Rc8 20. a5 e5 21. Bf5 exd4 22. Rxe8+ Rxe8 23. Bxd4 Bxb4 24. Bxd7 Nxd7 25. Bxg7 Ne5 26. Qf6 Qe7 27. Qh6 Ng4 28. Qf4 h5 29. h3 Bd6 30. Qxd6 1-0

[Event "Quebec-ch classe"]
[Site "Shawinigan CAN"]
[Date "2001.11.17"]
[Round "3"]
[White "Auger, Bertrand"]
[Black "Ber, Yves"]
[Result "1/2-1/2"]
[WhiteElo "2050"]
[BlackElo "1920"]
[PlyCount "65"]
[GameId "2160767911484916"]
[EventDate "2001.11.16"]
[EventType "swiss"]
[EventRounds "5"]
[EventCountry "CAN"]

1. g3 d5 2. Bg2 Nf6 3. Nf3 Nbd7 4. d4 e6 5. O-O Bd6 6. b3 c6 7. Bb2 Qc7 8. Nbd2 O-O 9. c4 b6 10. Rc1 Bb7 11. Qc2 Rac8 12. Qb1 Qb8 13. Qa1 c5 14. cxd5 exd5 15. Bh3 c4 16. Ne5 Rc7 17. bxc4 Bb4 18. Rfd1 Bxd2 19. Rxd2 Nxe5 20. dxe5 Ne4 21. Rdc2 Ng5 22. Bg2 dxc4 23. Rxc4 Rxc4 24. Rxc4 Bxg2 25. Kxg2 Qb7+ 26. f3 Qd7 27. Qc1 Ne6 28. Ba3 Rd8 29. Bd6 Qb7 30. a4 h6 31. Qc3 Qd7 32. e4 b5 33. axb5 1/2-1/2